00750nam a2200181 i 450000100060000000300090000600500170001500700030003200800410003510000430007624500940011926000450021330000660025850400340032460000790035861000720043785200590050981835ES-MaACL20250927140724.0t|041108s1902 sp f |||| |dspa d1 aIbáñez Marín, José,d1862-190910aLusitania y su primer coronel b: (Marqués de La Mina) / c[José Ibáñez Marín]. aMadrid : b[s.n.], c1902 (fEl Trabajo) aXV, 121 p., [1] h. de lám., [1] h. pleg. de map. ; c24 cm. aBibliografía: p. [XIII]-XV.17aGuzmán Dávalos, Jaime Miguel de, cMarqués de la Mina, d1689-1767217aEspaña. bRegimiento de Caballería Lusitania nº 8-vHistoria21 aBA jT-1017-F-6 z.- Dedicatoria autógrafa del autor